000 01009nam a22003257a 4500
003 CHAP
005 20220817040946.0
008 971013s1989 r 00010 d
010 _a3453
011 _a4425
035 _a3628
040 _cCHAP
082 _a636.08
_bS44
100 0 0 _aSejrsen, K.
_9103763
245 _aUse of somatotropin in livestock production
260 _aLondon :
_bElsevier Applied Science,
_c1989
300 _a333 p.
_b: ilus
500 _aD50-21
590 _aBATCH-UPD
_b10
_c20130110
_lUCH01
_h1225
590 _aBATCH-UPD
_b10
_c20130410
_lUCH01
_h0758
590 _aBATCH-UPD
_b10
_c20130914
_lUCH01
_h1504
590 _aCONVERSION
_b10
_c20130109
_lUCH01
_h1303
650 1 4 _aGanado
_xProducción.
_944945
650 1 4 _aHormonas
_xEfecto en animales domésticos.
_956236
700 0 _aNeimann - Sorensen, A.
700 0 _aVestergaard, M.
_9118985
901 _aBK
942 _cLIBRO
949 _a636.08 S44
_bBC
_cLIBRO
_d33724000264610
_eLIBRO
_gI.156385
_h79524
_i3628
_si
_t357.49
999 _c3453
_d3453